| 000 | 01682nam0a2200397 4500 | ||
|---|---|---|---|
| 001 | RU\NLR\bibl\317836 | ||
| 005 | 20250621142121.0 | ||
| 010 |
_a5-16-000629-X _9100000 |
||
| 021 |
_aRU _b2002-30791 _91528 |
||
| 035 | _a(NLR Aleph) 000312909 | ||
| 090 |
_a48835 _c48835 |
||
| 100 | _a20021008d2002 |||y0rusy50 ca | ||
| 101 | 0 | _arus | |
| 102 | _aRU | ||
| 105 | _ay ||||||||| | ||
| 200 | 1 |
_aИстория экономических учений _eУчеб. пособие _eПолн. курс в крат. изложении _eДля студентов вузов, обучающихся по экон. специальностям _fР. Я. Левита |
|
| 210 |
_aМ. _cИнфра-М _d2002 |
||
| 215 |
_a224 с. _d21 |
||
| 225 | 1 | _aВысшее образование | |
| 320 | _aБиблиогр.: с. 195-196 | ||
| 320 | _aУказ. имен: с. 212-215 | ||
| 606 | 0 |
_aЭкономические учения _jРуководства, пособия и т.п. для высшей школы _xИстория _91355023 _3RU\NLR\auth\66251774 |
|
| 606 | 0 |
_aЭкономические учения _jУчебные издания для высшей школы _xИстория _91355023 _3RU\NLR\auth\66251774 |
|
| 610 | 0 | _aЭкономические учения - История | |
| 675 |
_a330.8(075.8) _v3 _zrus |
||
| 686 |
_a06 _2rugasnti |
||
| 686 |
_a65.02я73 _2rubbk |
||
| 686 | _aУ02(0)я73 | ||
| 700 | 1 |
_aЛевита _bР. Я. _gРоман Яковлевич _4070 |
|
| 801 | 0 |
_aRU _bRKP _c20021008 _gPSBO |
|
| 801 | 1 |
_aRU _bRKP _c20021008 |
|
| 801 | 2 |
_aRU _bNLR _c20021024 _grcr |
|
| 942 | _cBOOK | ||
| 980 | _aNB | ||